[Event "HCL-C153"]
[Site "www.playchess.de"]
[Date "2001.04.19"]
[Round "34"]
[White "laehndie26"]
[Black "wildbill"]
[WhiteElo "1000"]
[BlackElo "1000"]
[PlyCount "50"]
[Result "0-1"]

1.e3 d5 2.Bb5+ Nc6 3.Nf3 Bg4 4.O-O Nf6 5.Nc3 e6 
6.d3 Bd6 7.e4 O-O 8.Be3 h5 9.exd5 exd5 10.d4 a6 
11.Ba4 Ne7 12.Bb3 c6 13.a4 Nf5 14.Bg5 Qe7 15.Ne2 
Rae8 16.c4 Qxe2 17.Qc2 Re6 18.Qxe2 Rxe2 19.Rae1 
Rxb2 20.cxd5 Rxb3 21.Bxf6 gxf6 22.dxc6 bxc6 23.a5 
Rb4 24.h3 Bxf3 25.gxf3 Rxd4 0-1

[Event "HCL-E020"]
[Site "www.playchess.de"]
[Date "2001.04.19"]
[Round "19"]
[White "KARFOPOULOS"]
[Black "tyhee"]
[WhiteElo "2600"]
[BlackElo "2060"]
[PlyCount "55"]
[Result "1-0"]

1.e4 e5 2.Nf3 Nc6 3.Bc4 Nf6 4.d4 exd4 5.e5 Ne4 
6.O-O d5 7.Bb5 Bc5 8.Nxd4 O-O 9.Bxc6 {A hook is 
still a hook,despite the bite}  bxc6 {goin' 
fishing?  ;)}  10.Nxc6 {TUNA FISHING}  Qd7 {long 
time since i've been called a fat fish :)}  11.Nd4 
Qe7 12.Bf4 Ba6 13.Re1 Rab8 14.b3 Rfd8 15.c3 Bb6 
16.Qc2 Qd7 17.a4 c5 18.e6 fxe6 19.Bxb8 Rxb8 20.a5 
cxd4 21.axb6 Rxb6 22.cxd4 Rc6 23.Qd1 Qc7 24.Nd2 
Nc3 25.Qh5 Qb8 26.Re3 Nb5 27.Nf3 g6 
28.Ne5 1-0

[Event "HCL-B157"]
[Site "www.playchess.de"]
[Date "2001.04.19"]
[Round "8"]
[White "iq160"]
[Black "JayKay"]
[WhiteElo "998"]
[BlackElo "1688"]
[PlyCount "79"]
[Result "1-0"]

1.e4 c5 2.d3 Nc6 3.g3 g6 4.Bg2 Bg7 5.f4 e6 6.a4 d5 
7.Nf3 dxe4 8.dxe4 Qxd1+ 9.Kxd1 Nf6 10.e5 Nd5 
11.Bd2 O-O 12.Nc3 Rd8 13.Kc1 b6 14.Nb5 Ba6 15.Ng5 
Rd7 16.Kb1 Nd4 17.c4 Bxb5 18.axb5 Nb3 19.cxd5 exd5 
20.Kc2 Nxa1+ 21.Rxa1 Re8 22.Bh3 Rde7 23.Nf3 f6 
24.Bg2 Rd7 25.exf6 Bxf6 26.Ne5 Bxe5 27.Re1 Kg7 
28.fxe5 h6 29.Bf4 Rdd8 30.h4 Re6 31.Bh3 Re7 32.e6 
Kh7 33.Be5 Rf8 34.Re2 d4 35.Kd3 Ree8 36.Kc4 Kg8 
37.b4 Rf3 38.bxc5 Rc3+ 39.Kxd4 {after 39. ..Rxc5?! 
40.Bf6 you should resign I think. Black has no 
defense}  Rxc5 40.Bf6 1-0

[Event "HCL-B161"]
[Site "www.playchess.de"]
[Date "2001.04.19"]
[Round "1"]
[White "CHARON"]
[Black "ixix"]
[WhiteElo "1496"]
[BlackElo "1855"]
[PlyCount "51"]
[Result "1-0"]

1.e4 c5 {Hello from New Jersey USA ... glad to be 
playing this game with you!}  2.Nf3 {Hello from 
Ireland}  e6 3.d4 cxd4 4.Nxd4 a6 5.c4 Nf6 6.Nc3 
Bb4 7.Bd3 Nc6 8.Nxc6 dxc6 9.e5 Qa5 10.exf6 Bxc3+ 
11.bxc3 Qxc3+ 12.Bd2 Qxd3 13.fxg7 Rg8 14.Bh6 Qc3+ 
15.Kf1 Qf6 16.Qc1 e5 17.c5 Be6 18.h4 e4 19.Rb1 
Bxa2 20.Rxb7 O-O-O 21.Ra7 e3 22.Bxe3 Qxg7 23.Bg5 
Rd4 24.Kg1 Bb3 25.Qe3 Be6 26.Qf3 1-0

[Event "HCL-B169"]
[Site "www.playchess.de"]
[Date "2001.04.19"]
[Round "7"]
[White "player27"]
[Black "adamant"]
[WhiteElo "1461"]
[BlackElo "885"]
[PlyCount "107"]
[Result "1-0"]

1.Nf3 {*handshake* nice game}  c5 2.e4 Nc6 3.d4 
cxd4 4.Nxd4 d6 5.Nc3 g6 6.Be3 Bg7 7.Qd2 Bd7 8.Bc4 
Nf6 9.Nf3 Rc8 10.Bh6 O-O 11.O-O Bg4 12.Bxg7 Kxg7 
13.Be2 Qa5 14.a3 Rfd8 15.Rad1 Qh5 16.Qe3 b6 17.Rd2 
Rd7 18.Rfd1 Qc5 19.Qd3 Bxf3 20.Qxf3 Ne5 21.Qg3 Nc4 
22.Bxc4 Qxc4 23.e5 Nh5 24.Qf3 Qe6 25.g4 Qxe5 
26.gxh5 gxh5 27.Qg3+ Qxg3+ 28.hxg3 Kh6 29.Kg2 Rg8 
30.R2d5 a6 31.Rh1 Rg5 32.Rd4 e6 33.Ne4 Rb5 34.b4 
Rd5 35.Rxd5 exd5 36.Rxh5+ Kxh5 37.Nf6+ Kg5 38.Nxd7 
b5 39.Kf3 h5 40.Nb8 f5 41.Nxa6 d4 42.Nc7 f4 
43.gxf4+ Kf5 44.Nxb5 h4 45.Nxd4+ Kg6 46.b5 Kf7 
47.b6 h3 48.b7 h2 49.Kg2 d5 50.Kxh2 Kf6 51.b8Q {%} 
 Kg6 52.Qd6+ Kh5 {my goose is cooked!}  53.f3 {at 
the beginning, you have a good position}  Kh4 
{Good Game. My chess friend.}  54.Qh6+ { )} 
 1-0

[Event "HCL-B171"]
[Site "www.playchess.de"]
[Date "2001.04.19"]
[Round "5"]
[White "Alone"]
[Black "janus"]
[WhiteElo "1475"]
[BlackElo "1734"]
[PlyCount "100"]
[Result "0-1"]

1.e4 Nc6 2.d4 d5 3.e5 Bf5 4.f4 e6 5.Nf3 Be7 6.Be3 
Nh6 7.Bd3 O-O 8.Nc3 Qd7 9.h3 Nb4 10.Bxf5 Nxf5 
11.Bf2 Nh6 12.a3 Na6 13.O-O c6 14.Rc1 Rac8 15.Na4 
b6 16.Qd3 Nc7 17.Nc3 Rcb8 18.Ne2 c5 19.c4 dxc4 
20.Qxc4 b5 21.Qc2 c4 22.Ng5 g6 23.Ne4 Nd5 24.N4c3 
Rfe8 25.Nxd5 exd5 26.Rca1 Nf5 27.g4 Ng7 28.Nc3 a5 
29.Kh2 f5 30.Rae1 b4 31.axb4 axb4 32.Qa4 Qe6 
33.gxf5 Nxf5 34.Ne2 {You are fast. Will we try to 
play faster?:)}  Bf8 {If you want *smile* ?!}  
35.Ng3 Rba8 36.Qc2 b3 37.Qb1 Nxg3 38.Bxg3 Ra2 
39.Re2 Bg7 40.Be1 Rf8 41.Bb4 {I am sorry for 
delay. I am working at my diploma.}  Rf5 {No 
problem - I was absend too (CeBIT computer-mass) 
!!}  42.Qe1 {CeBit is great exhibition. Sometimes 
I'll visit it.}  Kh8 {Perhaps we can meet 
eachother there ?! Our game is still thrilling !!} 
 43.Rg2 {Yes, it is unknown who's in better 
situation..But I like mine:)}  Bh6 {Ok - let´s 
wait, play and see ;-)) !!}  44.Qh4 {Yes, we'll 
see soon.}  Kg7 {What kind of diploma do you write 
??}  45.Kg1 {It's about Project Finance..It's my 
degree work. And what are you doing at the 
moment?}  Ra7 {I am software-engineer and I work 
as a sales manager for Siemens.}  46.Re2 {Good 
work! Big well-known company!}  Rb7 {Thanks - yes 
it is ! And where do you want to work im future ?} 
 47.Bd6 {Siemens can be nice variant:) I'd like to 
work in any big company with chances to make good 
carreer.}  Rbf7 {Do you like a russian or an 
international company ??}  48.Ref2 {I think that 
foreign company gives great experience. But 
Russian companies are more flexible.}  c3 {Then I 
wish you good luck !!!}  49.bxc3 {Thanks. Same to 
you. Our game is going to be exciting!}  Bxf4 
{Exactly - and I hope, c3 was the "killermove" 
!!!}  50.Kg2 {I hope it wasn't..}  Rh5 {Ok - let´s 
play and see ;-)) !!}  0-1

[Event "HCL-C176"]
[Site "www.playchess.de"]
[Date "2001.04.19"]
[Round "3"]
[White "Glimmung"]
[Black "kec0594"]
[WhiteElo "1083"]
[BlackElo "1000"]
[PlyCount "41"]
[Result "1-0"]

1.e4 e5 2.Nf3 Nf6 3.Bb5 a6 4.Ba4 b5 5.Bb3 c5 6.d4 
c4 7.dxe5 Nxe4 8.Qd4 cxb3 9.Qxe4 Nc6 10.axb3 Bc5 
11.O-O Bb7 12.Bg5 Be7 13.Bxe7 Qxe7 14.Nc3 Na5 
15.Nd5 Qc5 16.b4 Bxd5 17.Qg4 Bxf3 18.Qxf3 Qc6 
19.Qxc6 Nxc6 20.c3 Nxe5 21.Rfe1 1-0

[Event "HCL-C185"]
[Site "www.playchess.de"]
[Date "2001.04.19"]
[Round "9"]
[White "Jernau"]
[Black "wael"]
[WhiteElo "1672"]
[BlackElo "1000"]
[PlyCount "48"]
[Result "0-1"]

1.Nc3 {ahlan-wa-sahlan}  e5 {ahlen (wellcome)}  
2.Nf3 Nc6 3.e4 Bc5 4.Qe2 d6 5.Qc4 Be6 6.Nd5 a6 
7.Qd3 Nge7 8.c3 O-O 9.b4 Ba7 10.h4 f5 11.Ng5 Bxf2+ 
12.Kxf2 fxe4+ 13.Kg1 exd3 14.Nxe6 Qd7 15.Ndxc7 e4 
16.Ba3 Rac8 17.b5 {Sorry I haven't moved for so 
long, but I have been unable to get internet 
access}  Ne5 18.g3 Nf3+ 19.Kg2 Rxc7 20.Ng5 Nxg5 
21.hxg5 Qg4 22.Rh4 Qf3+ 23.Kh3 Nf5 24.Rg4 
Qh1+ 0-1

[Event "HCL-B184"]
[Site "www.playchess.de"]
[Date "2001.04.19"]
[Round "28"]
[White "Xina"]
[Black "Stefan"]
[WhiteElo "1200"]
[BlackElo "1383"]
[PlyCount "38"]
[Result "0-1"]

1.e4 d6 2.d4 Nf6 3.Nc3 g6 4.d5 Bg7 5.Qd4 O-O 6.h3 
Nbd7 7.Be3 Nc5 8.Qd2 Nfxe4 9.Nxe4 Nxe4 10.Qc1 Re8 
11.c3 c6 12.dxc6 bxc6 13.Bd3 Nc5 14.Qd1 Nxd3+ 
15.Qxd3 a5 16.Nf3 d5 17.Nd4 Qd6 18.O-O-O a4 19.a3 
Ba6 0-1

[Event "ACL-A085"]
[Site "www.playchess.de"]
[Date "2001.04.19"]
[Round "13"]
[White "Martinio"]
[Black "chessnut"]
[WhiteElo "1500"]
[BlackElo "1501"]
[PlyCount "78"]
[Result "0-1"]

1.d4 Nf6 2.c4 c5 3.d5 b5 4.cxb5 a6 5.bxa6 Bxa6 
6.Nc3 Qa5 7.Bg5 Ne4 8.Bd2 Nxd2 9.Qxd2 g6 10.Nf3 
Bg7 11.e3 Bxf1 12.Kxf1 Na6 13.d6 exd6 14.Qxd6 Bxc3 
15.bxc3 Qxc3 16.Rd1 Qc4+ 17.Kg1 Qe6 18.Qd3 O-O 
19.a3 c4 20.Qd4 Nc7 21.Rc1 d5 22.Qc5 Rfc8 23.Nd4 
Na6 24.Qa5 Qe5 25.Qc3 Nc5 26.Nb5 f6 27.Rd1 Rcb8 
28.Qxe5 fxe5 29.Nc7 Rxa3 30.h3 Nd3 31.Nxd5 c3 
32.Kh2 c2 33.Rdc1 Rb2 34.e4 Nxf2 35.Rhg1 Nd3 
36.Rcf1 Rab3 37.Nf6+ Kg7 38.Ne8+ Kh6 39.Nd6 
R2b1 0-1

[Event "HCL-C194"]
[Site "www.playchess.de"]
[Date "2001.04.19"]
[Round "2"]
[White "Ackley338"]
[Black "Trafalmadore"]
[WhiteElo "1000"]
[BlackElo "1000"]
[PlyCount "68"]
[Result "0-1"]

1.e4 {Hello and good luck.}  c5 {Thank you, the 
same. :)}  2.Nc3 Nc6 3.Nf3 g6 4.d3 Bg7 5.Qd2 Nf6 
6.h3 a6 7.Be2 O-O 8.Qg5 h6 9.Qxc5 d6 10.Qe3 Nb4 
11.Qd2 b6 12.a3 Nc6 13.O-O Qc7 14.d4 b5 15.Qd3 
{You sure have been quick to move today.}  Bb7 
{Sorry. Quite busy during the afternoon...}  
16.Bf4 {I wasn't complaining. I'm glad to see you 
move so quickly.}  e5 {On the downside, I'm away 
from home 2 days per week...}  17.Bh2 {Not the 
move I was hoping for.  Where are you from?}  exd4 
{It was time to fight back! I live at the Austrian 
border, N-Italy.}  18.Nd5 {My neice spent the 
summer in Italy. She raved about the area.}  Nxd5 
{Venezia? It's some spot, with its downsides, but 
unlike any other place.}  19.exd5 {Not sure. I 
don't know the area.  How are you doing on your 
other games?}  Ne5 {Earlier I collected a victory; 
he played the Damiano...}  20.Qe4 {Congratulations 
on your victory!}  f5 {Thank you! And how are YOUR 
games going?}  21.Qf4 {I'm doing OK. I won one, 
but this one isn't going so well. :-)}  Qxc2 {The 
situation is still fluid, we're still exchanging 
shots <g>}  22.Qd2 {Let's see if I can keep it 
interesting then.}  Nxf3+ {Ouch! A bit too 
adventurous!}  23.Bxf3 {You got that right!!! I 
gotta quit drinking while I play this dam game.}  
Qxd2 {I also blunder... exp. late at night. But I 
don't drink - I smoke.}  24.Bxd6 {Let's see if I 
can salvage a little pride before you nail my 
coffin shut.}  Rfe8 {We both have a passed pawn... 
intresting game :)}  25.Bb4 {I just won my other 
game. All I have left is you and another fella who 
hasn't moved in over 20 days.}  Qxb2 {Oh man, I've 
unknowingly lost on time a WON game... agh!}  
26.Rab1 {I've missed you the last few days. Were 
you on a vacation?}  Qc2 {I'm still studying, so 
I'm away half of the week... what do you do in 
life?}  27.Rfc1 {Besides play a mediocre game of 
chess?...I'm a technical architect for a state 
agency.}  d3 {Architect... I like the idea! Why 
"technical"?}  28.Rxc2 {I design computer 
networks. No pocket protector and taped glasses 
though.}  dxc2 {But that's even better... others 
build the outside, YOU the core!}  29.Rc1 Rac8 
{Been contemplating R sacrifice - 3-07 AM, so 
better not to try... :)}  30.g3 {Sorry for the 
delay. Been so busy I forgot about the game.}  Bb2 
{Have no trouble: that's this site's nature :))}  
31.Rxc2 {Things are going from bad to worse.  I 
love this game!!}  Rxc2 {You still have that 
passed pawn...}  32.Kg2 {Ya, but it's only a 
matter of time.  You're being a good sport about 
kicking my hiney. Thanks.}  Re5 {No, really. That 
pawn is better assured than it seems - I'm 
thinking of pursuing another objective.}  33.Bd6 
Rxd5 {I don't see any better idea...}  34.Bxd5+ 
{You still hold a commanding lead though.}  Bxd5+ 
{I DO hate to reemmber all the endgames I lost... 
<bitter g>}  0-1

[Event "HCL-C195"]
[Site "www.playchess.de"]
[Date "2001.04.19"]
[Round "2"]
[White "jijo"]
[Black "sonnyspock"]
[WhiteElo "1000"]
[BlackElo "1139"]
[PlyCount "65"]
[Result "1-0"]

1.e4 e6 2.Nc3 d5 3.d4 dxe4 4.Nxe4 Qd5 5.Nc3 Bb4 
6.Nf3 Nf6 7.Bd2 Bxc3 8.Bxc3 Ne4 9.Bd3 Nxc3 10.bxc3 
b6 11.Qe2 Bb7 12.O-O Nd7 13.c4 Qh5 14.Rfe1 Bxf3 
15.Qxf3 Qxf3 16.gxf3 O-O 17.Kh1 c5 18.dxc5 Nxc5 
19.Reg1 Rfd8 20.Rad1 Rd4 21.Rg4 Rad8 22.Rxd4 Rxd4 
23.Bxh7+ Kxh7 24.Rxd4 Kg6 25.Kg2 f5 26.Rd8 Kg5 
27.Ra8 a6 28.Rb8 Nd7 29.Rb7 Nc5 30.Rxg7+ Kf6 
31.Rc7 Kg5 32.Rc6 b5 33.cxb5 1-0

[Event "HCL-C197"]
[Site "www.playchess.de"]
[Date "2001.04.19"]
[Round "1"]
[White "WindsorStar"]
[Black "burtle"]
[WhiteElo "918"]
[BlackElo "1000"]
[PlyCount "141"]
[Result "1/2-1/2"]

1.d4 a5 2.e3 b6 3.a4 Nf6 4.Nf3 Bb7 5.Nh4 Nh5 
6.Qxh5 g6 7.Qf3 Bxf3 8.gxf3 Bg7 9.Bd2 Nc6 10.Nc3 
Nb4 11.Rc1 g5 12.Nf5 Kf8 13.Ne2 Na2 14.Ra1 Nb4 
15.Rc1 Bf6 16.Bxb4 axb4 17.b3 h6 18.Rg1 e6 19.Nfg3 
e5 20.dxe5 Bxe5 21.Ne4 Bxh2 22.Rh1 f6 23.Rxh2 Qe7 
24.Bh3 h5 25.Bf5 Rd8 26.f4 gxf4 27.exf4 d5 28.N4g3 
Rd6 29.Nxh5 Qf7 30.Neg3 Rc6 31.Kf1 d4 32.Bd3 Rc5 
33.Bc4 Rxc4 34.Kg1 d3 35.bxc4 dxc2 36.Rxc2 {What 
city are you from UK}  c5 37.f5 b3 38.Rd2 {Oh! 
wrong guy, you are from New Zealand}  Qa7 39.Nxf6 
{*}  Qg7 40.Rd8+ Kf7 41.Rd7+ Kxf6 42.Rxg7 b2 
43.Ne4+ Kxg7 44.Nc3 Ra8 45.Rg2+ Kf6 46.Rg6+ Kxf5 
47.Rxb6 Rg8+ 48.Kf1 Rg4 49.Rxb2 Rxc4 50.Ne2 Rxa4 
51.Rb5 Rc4 52.Kg2 Rc2 53.Ng3+ Ke5 54.Rb3 c4 
55.Re3+ Kd4 56.Nf5+ Kc5 57.Re8 c3 58.Rc8+ Kb4 
59.Ne3 Rb2 60.Nd5+ Kb3 61.Nxc3 Rc2 62.Kg3 Rxc3+ 
63.Rxc3+ Kxc3 64.f4 Kd4 65.f5 Kd5 66.Kg4 Kd6 
67.Kg5 Ke7 68.Kg6 Kf8 69.f6 Kg8 70.f7+ Kf8 
71.Kf6 1/2-1/2

[Event "HCL-B194"]
[Site "www.playchess.de"]
[Date "2001.04.19"]
[Round "7"]
[White "Askolama"]
[Black "Blocus"]
[WhiteElo "1200"]
[BlackElo "1200"]
[PlyCount "35"]
[Result "1/2-1/2"]

1.e4 d6 {Have a nice game!}  2.d4 {Nice game you 
too!}  Nf6 3.Nc3 Nbd7 4.Nf3 e5 5.dxe5 dxe5 6.Bc4 
Bb4 7.Bd2 c6 8.Qe2 Be7 9.Bxf7+ Kxf7 10.Qc4+ Ke8 
11.Ng5 Nd5 12.exd5 Bxg5 13.Bxg5 Qxg5 14.dxc6 Nb6 
15.cxb7 Qd2+ 16.Kf1 Bxb7 17.Qe6+ Kf8 
18.Qf5+ 1/2-1/2

[Event "ACL-A105"]
[Site "www.playchess.de"]
[Date "2001.04.19"]
[Round "17"]
[White "pgschumy"]
[Black "Kbeza2"]
[WhiteElo "1500"]
[BlackElo "1500"]
[PlyCount "62"]
[Result "0-1"]

1.e4 {Saluto!}  e6 {como va?}  2.d4 {Bueno. Tu?}  
d5 {bien, do you speak english?}  3.e5 {Yap!}  c5 
4.Nf3 Nc6 5.c3 Bd7 6.a3 f6 {????}  7.exf6 {Yes! 
Where are you from?}  Nxf6 {Argentina,you?}  8.Bg5 
{I know that you are from Argentina. I mean - what 
town! I am from Bulgaria - you know!}  c4 {The 
Capital, Buenos Aires. Do u know Arg?}  9.Nbd2 
{Yes!}  Bd6 {When did you come, and where?}  10.b4 
{Buenos Aires, 1987, for 3 days}  O-O {for what?}  
11.Be2 {Excursion.}  Qc7 {did you like it?}  12.h3 
{Yes, is wonderful town!}  Rae8 {and what about 
the girls?}  13.O-O {I was 15 years old! But...all 
girls in South America are... no comment - the 
very best stuff!}  e5 {and what about your 
country?}  14.b5 Ne7 15.a4 {The capital is Sofia. 
We have Black Sea, mountains! And Hristo 
Stocikov!}  e4 {I mean the girls...}  16.Ne1 h6 
{YES, but what about the girls????}  17.Bxf6 {They 
are looking just fabulose!}  Rxf6 18.Nc2 Ref8 
19.Ne3 Rg6 20.Bg4 Bxg4 21.Nxg4 Nf5 22.Ne3 Qd7 
23.Nxe4 Nxe3 24.fxe3 Qxh3 25.Rxf8+ Bxf8 26.Qf1 
dxe4 27.Qxc4+ Kh7 28.Ra2 Bd6 29.Rf2 Qh2+ 30.Kf1 
Qh1+ 31.Ke2 Qb1 0-1

[Event "HCL-A089"]
[Site "www.playchess.de"]
[Date "2001.04.19"]
[Round "2"]
[White "peze"]
[Black "mkluwe"]
[WhiteElo "2018"]
[BlackElo "1970"]
[PlyCount "51"]
[Result "1-0"]

1.e4 {Hallo! Viel Glück!}  c5 2.Nf3 e6 3.d4 cxd4 
4.Nxd4 a6 5.Bd3 Bc5 6.c3 d6 7.O-O Nf6 8.Nb3 Ba7 
9.c4 O-O 10.Bg5 Nc6 11.Nc3 Nd4 12.e5 dxe5 13.Ne4 
Nf5 14.c5 h6 15.Bxf6 gxf6 16.Qg4+ Kh8 17.Qh3 Rg8 
18.Rfd1 Qe7 19.g4 Qf8 20.Kh1 Nd4 21.Nxd4 exd4 
22.Nxf6 Bxc5 23.Nxg8 Kxg8 24.g5 b6 25.gxh6 Bb7+ 
26.f3 1-0

[Event "HCL-B196"]
[Site "www.playchess.de"]
[Date "2001.04.19"]
[Round "18"]
[White "sonnygarcia"]
[Black "Jeff_Foster"]
[WhiteElo "1134"]
[BlackElo "1478"]
[PlyCount "71"]
[Result "1/2-1/2"]

1.e4 e5 2.Nf3 Nc6 3.Bb5 Nd4 4.Nxd4 exd4 5.d3 c6 
6.Bc4 Bc5 7.O-O d5 8.exd5 cxd5 9.Bb5+ Bd7 10.Bxd7+ 
Qxd7 11.Re1+ Ne7 12.Nd2 O-O 13.Nf3 Rae8 14.Bg5 f6 
15.Bh4 Ng6 16.Bg3 Rxe1+ 17.Qxe1 Re8 18.Qd2 b6 
19.b4 Bd6 20.Nxd4 Bxg3 21.hxg3 Ne5 22.Re1 Kf7 
23.f4 Ng6 24.Rxe8 Qxe8 25.Qe2 Qd7 26.f5 Ne5 
27.Qh5+ Kg8 28.Ne6 Qf7 29.Qxf7+ Kxf7 30.Kf2 Nc6 
31.c3 Ne5 32.Ke3 g6 33.Nd4 Ng4+ 34.Kf4 Ne5 35.Ke3 
Ng4+ 36.Kf4 1/2-1/2

[Event "HCL-B203"]
[Site "www.playchess.de"]
[Date "2001.04.19"]
[Round "7"]
[White "chucaniam"]
[Black "bjw29"]
[WhiteElo "1500"]
[BlackElo "1500"]
[PlyCount "49"]
[Result "1-0"]

1.e4 e5 2.Nf3 Nc6 3.Bb5 a6 4.Ba4 Nf6 5.O-O b5 
6.Bb3 Be7 7.Re1 O-O 8.d4 exd4 9.Nxd4 Nxd4 10.Qxd4 
c5 11.Qd3 c4 12.Bxc4 bxc4 13.Qxc4 d5 14.exd5 Bd6 
15.Bg5 Bxh2+ 16.Kxh2 Ng4+ 17.Qxg4 Bxg4 18.Bxd8 
Raxd8 19.Nc3 Rdb8 20.Na4 Rfd8 21.f3 Bd7 22.Nc5 Bf5 
23.c4 Rd6 24.b3 Kf8 25.Nxa6 1-0

[Event "HCL-C201"]
[Site "www.playchess.de"]
[Date "2001.04.19"]
[Round "3"]
[White "Defcon_One"]
[Black "Coney"]
[WhiteElo "1000"]
[BlackElo "1053"]
[PlyCount "36"]
[Result "0-1"]

1.Nh3 {good luck}  e5 {Good Luck}  2.g3 d5 3.Bg2 
Nf6 4.Nc3 d4 5.Nb5 a6 6.Na3 Bxa3 7.bxa3 O-O 8.O-O 
Re8 9.Rb1 b5 10.Bxa8 c6 {Oops !}  11.d3 h6 12.c4 
Qb6 13.a4 Bxh3 14.Re1 Nbd7 15.Rb4 Rxa8 16.Qb3 a5 
17.Rxb5 cxb5 18.Qxb5 {sorry i took so long}  
Ra6 0-1

[Event "HCL-E035"]
[Site "www.playchess.de"]
[Date "2001.04.19"]
[Round "5"]
[White "NOHAU"]
[Black "paule"]
[WhiteElo "2173"]
[BlackElo "1994"]
[PlyCount "81"]
[Result "1/2-1/2"]

1.e4 e6 2.d4 d5 3.Nc3 Bb4 4.e5 c5 5.a3 Ba5 6.b4 
cxd4 7.Nb5 Bc7 8.f4 Ne7 9.Nf3 Nbc6 10.Bd3 a6 
11.Nxc7+ Qxc7 12.Bb2 Qb6 13.Qd2 Bd7 14.O-O O-O 
15.Qf2 Nf5 16.Bxf5 exf5 17.Rfd1 Qc7 18.Bxd4 Nxd4 
19.Nxd4 Rac8 20.Qf3 Be6 21.Rd3 Rfe8 22.Qh5 Qb6 
23.Kh1 Rc4 24.Rad1 Bd7 25.h3 Qg6 26.Qxg6 hxg6 
27.Re1 b6 28.Kg1 {Let`s play a few moves more.}  
a5 {ok:)}  29.bxa5 bxa5 30.Kf2 Rb8 31.Re2 Rb2 
32.Ke3 Ra2 33.Kd2 Bb5 34.Re1 Ba4 35.Rc1 Kf8 36.g3 
Ke7 37.Ke3 Rc8 38.h4 Rc5 39.h5 gxh5 40.Nxf5+ Kd7 
41.c4 1/2-1/2

[Event "ACL-A111"]
[Site "www.playchess.de"]
[Date "2001.04.19"]
[Round "6"]
[White "Vitalee"]
[Black "adamant"]
[WhiteElo "1502"]
[BlackElo "1500"]
[PlyCount "44"]
[Result "0-1"]

1.e4 {Hi and good luck!}  c5 2.Nf3 Nc6 3.d4 cxd4 
4.Nxd4 d6 5.Nc3 g6 6.Be3 Bg7 7.Qd2 Nf6 8.f3 O-O 
9.O-O-O Re8 10.g4 a6 11.h4 Ne5 12.h5 Nfxg4 13.fxg4 
Bxg4 14.Be2 Bxe2 15.Qxe2 Rc8 16.hxg6 fxg6 17.Ne6 
Qa5 18.Nxg7 Kxg7 19.Qh2 h5 20.Bd4 Kh7 21.Bxe5 dxe5 
22.Rdg1 Qb6 0-1

[Event "HCL-B214"]
[Site "www.playchess.de"]
[Date "2001.04.19"]
[Round "9"]
[White "plobi"]
[Black "Erik"]
[WhiteElo "1289"]
[BlackElo "1312"]
[PlyCount "112"]
[Result "0-1"]

1.d4 d5 {Viel Glück!}  2.c4 {danke, gleichfalls!}  
dxc4 3.Nf3 f6 4.e3 Be6 5.Bxc4 Bxc4 6.Qa4+ b5 7.Qc2 
a6 8.Nbd2 Bf7 9.e4 e6 10.O-O Nh6 11.b3 Be7 12.e5 
f5 13.Bb2 c6 14.a4 O-O 15.Ba3 b4 16.Bb2 a5 17.Nc4 
Qc7 18.Rac1 c5 {Ich war im Urlaub; ich hatte hier 
im Vacancy Forum eine Nachricht hinterlassen.}  
19.h3 {kein problem ...}  cxd4 20.Nxd4 Qc5 21.Nf3 
Ra7 22.Rfd1 Rd7 23.Rxd7 Nxd7 24.Bd4 Qc7 25.Nb6 
Qxc2 26.Rxc2 Nxb6 27.Bxb6 Ra8 28.Rc7 Bd8 29.Rc6 
Bxb6 30.Rxb6 g6 31.Ng5 Rd8 32.Nxe6 Bxe6 33.Rxe6 
Rd5 34.Rc6 Rxe5 35.Rc8+ Kg7 36.Rc7+ Nf7 37.Kh2 h5 
38.f3 h4 39.Rc4 {naja, schön langsam gehts dem 
ende zu ... :-)}  Re3 {Ich habe in vielen anderen 
Partien eine noch viel schlimmere Lage als Du hier 
:-/}  40.Rxh4 {naja, ich schon auch! ich sollte 
halt nicht so viele games zugleich spielen ... 
*gg*}  Rxb3 {Ja, genau das ist der Punkt...}  
41.Rc4 Ra3 42.Rc5 Rxa4 43.g4 fxg4 44.fxg4 b3 
45.Rb5 Rb4 46.Rxa5 b2 47.Rd5 b1Q {%}  48.Rd2 Rb2 
49.Rg2 Rxg2+ 50.Kxg2 {so, jetzt liegts an dir ... 
*g*}  Qe4+ {Ich hoffe, DAS kriege ich wenigstens 
hin... (Gegen Sundfar hab ich's vergeigt.)}  
51.Kg3 {mal schaun ... *ggg* (oder hoffen ...)}  
g5 {;-)}  52.h4 Qe3+ 53.Kg2 gxh4 54.Kh1 {so, ich 
gratuliere dir schon mal ...}  Qe2 {Danke! (Jetzt 
nur keinen Unsinn machen...)}  55.g5 {da kann 
jetzt ja nichts mehr schiefgehn ...}  h3 {Jetzt 
wohl nicht mehr. (Ich steige in die C-Liga ab, 
vielleicht treffen wir uns später ja nochmal.)}  
56.Kg1 {tja, ich hoffe doch auf eine revanche ...} 
 Qg2+ {Wenn ich wieder aufsteige: gerne!} 
 0-1

[Event "HCL-C211"]
[Site "www.playchess.de"]
[Date "2001.04.19"]
[Round "7"]
[White "nikolayk"]
[Black "rhonda202"]
[WhiteElo "1029"]
[BlackElo "1010"]
[PlyCount "47"]
[Result "1-0"]

1.e4 e5 2.f4 exf4 3.Nf3 d5 4.Nc3 d4 5.Nd5 h5 6.d3 
Bd6 7.Nxd4 Bg4 8.Be2 Bc5 9.Bxg4 hxg4 10.Nb3 Bd6 
11.Qxg4 Nf6 12.Qxg7 Rg8 13.Nxf6+ Ke7 14.Qxg8 Qf8 
15.Nd5+ Ke8 16.Qxf8+ Bxf8 17.Nxc7+ Kd8 18.Nxa8 
Bb4+ 19.Bd2 Nc6 20.O-O Bd6 21.Bxf4 Bxf4 22.Rxf4 
Nb4 23.c3 Nxd3 24.Rd1 1-0

[Event "HCL-E036"]
[Site "www.playchess.de"]
[Date "2001.04.19"]
[Round "8"]
[White "Aramis"]
[Black "Milamber"]
[WhiteElo "2210"]
[BlackElo "2332"]
[PlyCount "31"]
[Result "1/2-1/2"]

1.e4 {Hello!}  c5 2.Nf3 d6 3.d4 cxd4 4.Nxd4 Nf6 
5.Nc3 a6 6.Be3 Ng4 7.Bg5 h6 8.Bh4 g5 9.Bg3 Bg7 
10.Be2 h5 11.Bxg4 hxg4 12.O-O e6 13.Nde2 {Two 
years ago Shirov made a mistake here playing 
13.Qd2?! against Kasparov.Maybe this move is 
better}  Be5 14.Bxe5 dxe5 15.Qxd8+ Kxd8 
16.Nd1 1/2-1/2